000 00324nam a2200133Ia 4500
005 20251222144914.0
008 251222s9999||||xx |||||||||||||| ||spa||
020 _a84-8280-701-3
082 _a848.8/V53V
100 _aVerne, Julio
245 0 _aVeinte Mil Leguas de Viaje Submarino
264 _bOveja Negra
942 _cLIB
999 _c22474
_d22474